alg: 47088836
001A    $03025:23-10-20 
001B    $03077:29-03-23 $t11:22:24.000 
001D    $03025:23-10-20 
001U    $0utf8 
001X    $00 
002@    $0Aou 
002C    $aText $btxt $2rdacontent 
002D    $aohne Hilfsmittel zu benutzen $bn $2rdamedia 
002E    $aBand $bnc $2rdacarrier 
003@    $0470888369 
007A    $0470888369 $aHEB 
010@    $ager 
010E    $erda 
011@    $a2017 $n[2017] 
011F    $n© 2017 
021A    $aDie @Reformation in Schlesien zwischen Adelsmacht und Bürgerwillen $hJan Harasimowicz 
028A    $BVerfasser $#Harasimowicz, Jan Witold $4aut $713312603X $8Harasimowicz, Jan$Z1950- [Tp1] $9188424210 
031A    $h263-286 $j2017 
034M    $aIllustrationen 
039B    $aEnthalten in $8--Aau--Kirche und Politik an der Peripherie. Reformation und Macht an den "Grenzen" der Deutschen, Protestantischen Einflusszone im Vergleich von Frühneuzeit und Gegenwart$gVeranstaltung$d2014$cHermannstadt [Tf3]. Exportgut Reformation. - Göttingen : Vandenhoeck & Ruprecht, [2017]. - 486 Seiten. - Illustrationen. - ISBN 978-3-525-10154-4 $x201700000000000737 $9403320135 
044K    $RPolen $RNiederschlesien $ROberschlesien $RNiederschlesien $ROberschlesien $#Schlesien $#Schlesien $#Herzogtum Schlesien $#Herzogtum Schlesien Schlesien $#Provinz Schlesien $#Śla̜sk $#Slezsko $#Silesia $74052678-1 $8Schlesien [Tg1] $9085146781 
044K    $RReformator $RReformatorin $#Reformation $#Réforme protestante $#Reforma $#Reformation $74048946-2 $8Reformation [Ts1] $9085136344 
044K    $ROberschicht $RWeiblicher Adel $RAristokratie $#Nobility $#Noblesse $#Nobiltà $#Nobleza $#Adel $#Adel $#Junker $#Junkertum $#Adliger $#Adeliger $#Adlige $#Uradel $74000464-8 $8Adel [Ts1] $9084991682 
044K    $RRelation $#Beziehungen $#Wechselbeziehung $#Beziehungen $74145198-3 $8Beziehung [Ts1] $9085577189 
044K    $RBürgerliche Gesellschaft $#Middle class $#Bourgeoisie $#Mittelschicht $#Bürgertum $#Bürgertum/Bourgeoisie $#Bourgeoisie $#Bürgerliche Klasse $74069722-8 $8Bürgertum [Ts1] $9085196002 
045F    $a200.9438509031 $eDDC23BSB 
045F/01 $a200.9 
045F/03 $f09031 
045F/03 $g4385 
045R    $aGeschichte 1500-1700 

lok: 47088836 78

exp: 47088836 78 1 #EPN
201B/01 $023-10-20 $t13:00:57.000 
201C/01 $023-10-20 
201U/01 $0utf8 
203@/01 $01126485489 
208@/01 $a23-10-20 $be 
209A/01 $a/ $f000 $x00 
209A/01 $ab*p $x01 
220C/01 $apgar 
244Z/01 $#Generalgouvernement Polen $#Polska $#Rzeczpospolita Polska $#Polska Rzeczpospolita Ludowa $#Poland $#Pologne $#République Polonaise $#Generalne Gubernatorstwo w Polsce $#Polish People's Republic $#Polska Rzeczpospolita Polen $#PRL $#RP $#Polen Generalgouvernement $#Polska Generalgouvernement $#Besetzte Polnische Gebiete $#Besetztes Gebiet in Polen $#Okupowane Polskie Obszary $#Obszary Okupowane w Polsce $#Volksrepublik Polen $#Polska Rosyjska $#Republic Polen $#Respublika Pol'ša $#Pol'skaja Narodnaja Respublika $#République de Pologne $#Polen Links der Weichsel $#Polska po Lewej Stronie Wisły $#Lenkija $#Polija $#Gubernija Carstva Pol'skago $#Republik Polen $74046496-9 $8--Tg1--Polen $x01 $9085129801 
244Z/01 $#Schlesien $#Schlesien $#Herzogtum Schlesien $#Herzogtum Schlesien Schlesien $#Provinz Schlesien $#Śla̜sk $#Slezsko $#Silesia $74052678-1 $8--Tg1--Schlesien $x02 $9085146781 
244Z/01 $#Böhmische Kronländer $#Länder der Böhmischen Krone $#Sudetenland $#Böhmen $#Mähren $#Mährisch-Schlesien $#Österreichisch-Schlesien $#Tschechische Sozialistische Republik Böhmische Länder $#Tschechei Böhmische Länder $#Země koruny české $74069573-6 $8--Tg1--Böhmische Länder $x03 $9085195553 
247C/01 $82080>Marburg/Lahn, Herder-Institut, Forschungsbibliothek, Bibliographieportal $9336309341
LEADER 00000caa a2200000 c 4500
001 470888369
003 DE-603
005 20230329112224.0
007 tu
008 201023s2017 xx |||| | u00||u|ger c
035 |a (DE-599)HEB470888369 
040 |a DE-603  |b ger  |c DE-603  |d DE-603  |e rda 
041 |a ger 
082 0 4 |8 1\u  |a 200.9438509031  |q DE-101  |2 23/BSB 
085 |8 1\u  |b 200.9 
085 |8 1\u  |z 1  |s 09031 
085 |8 1\u  |z 2  |s 4385 
100 1 |a Harasimowicz, Jan  |d 1950-  |e Verfasser  |4 aut  |0 (DE-603)188424210  |0 (DE-588)13312603X  |2 gnd 
245 0 0 |a ˜Dieœ Reformation in Schlesien zwischen Adelsmacht und Bürgerwillen  |c Jan Harasimowicz 
264 0 |c [2017] 
264 4 |c © 2017 
300 |b Illustrationen 
336 |a Text  |b txt  |2 rdacontent 
337 |a ohne Hilfsmittel zu benutzen  |b n  |2 rdamedia 
338 |a Band  |b nc  |2 rdacarrier 
648 7 |a Geschichte 1500-1700  |2 gnd 
650 7 |a Reformation  |0 (DE-588)4048946-2  |0 (DE-603)085136344  |2 gnd 
650 7 |a Adel  |0 (DE-588)4000464-8  |0 (DE-603)084991682  |2 gnd 
650 7 |a Beziehung  |0 (DE-588)4145198-3  |0 (DE-603)085577189  |2 gnd 
650 7 |a Bürgertum  |0 (DE-588)4069722-8  |0 (DE-603)085196002  |2 gnd 
651 7 |a Schlesien  |0 (DE-588)4052678-1  |0 (DE-603)085146781  |2 gnd 
773 0 8 |i Enthalten in  |a Kirche und Politik an der Peripherie. Reformation und Macht an den "Grenzen" der Deutschen, Protestantischen Einflusszone im Vergleich von Frühneuzeit und Gegenwart, Veranstaltung (2014 : Hermannstadt)  |t Exportgut Reformation  |d Göttingen : Vandenhoeck & Ruprecht, [2017]  |h 486 Seiten, Illustrationen  |z 9783525101544  |z 3525101546  |g (2017), Seite 263-286  |w (DE-603)403320135 
924 0 |9 2080  |a (DE-603)1126485489  |b DE-2080  |c HES  |d d  |g /